[Event "Nordic School-chT"]
[Site "Jetsmark"]
[Date "2006.09.10"]
[Round "4.3"]
[White "Christensen, Simon Ellegaard"]
[Black "Salmi, Rafael"]
[Result "1/2-1/2"]
[WhiteElo "1476"]
[BlackElo "1294"]
[PlyCount "57"]
[EventDate "2006.09.08"]
[EventType "team-tourn"]
[EventRounds "5"]
[EventCountry "DEN"]
[SourceTitle "EXT 2023"]
[Source "ChessBase"]
[SourceDate "2022.10.05"]
[SourceVersion "1"]
[SourceVersionDate "2022.10.05"]
[SourceQuality "1"]
[WhiteTeam "Denmark U13 II"]
[BlackTeam "Finland U13"]
[WhiteTeamCountry "DEN"]
[BlackTeamCountry "FIN"]

1. d4 d5 2. Nf3 Nc6 3. Bf4 h6 4. e3 Bg4 5. c3 e6 6. Bd3 Bd6 7. Bg3 Nf6 8. Be2 Ne4 9. Be5 Bxe5 10. Nxe5 Bxe2 11. Qxe2 Nxe5 12. dxe5 a6 13. Qg4 Qg5 14. Qxg5 Nxg5 15. Nd2 0-0-0 16. 0-0-0 Rd7 17. f4 Nh7 18. Nb3 b6 19. Rd2 Rhd8 20. Rhd1 Nf8 21. g3 g5 22. Nd4 c5 23. Nf3 Nh7 24. h4 g4 25. Ne1 h5 26. Nc2 Kc7 27. Na3 b5 28. b3 b4 29. Nb1 1/2-1/2

[Event "Nordic School-chT"]
[Site "Jetsmark"]
[Date "2006.09.08"]
[Round "1.3"]
[White "Bohler, Johannes Hova"]
[Black "Salmi, Rafael"]
[Result "1-0"]
[WhiteElo "860"]
[BlackElo "1294"]
[PlyCount "117"]
[EventDate "2006.09.08"]
[EventType "team-tourn"]
[EventRounds "5"]
[EventCountry "DEN"]
[SourceTitle "EXT 2023"]
[Source "ChessBase"]
[SourceDate "2022.10.05"]
[SourceVersion "1"]
[SourceVersionDate "2022.10.05"]
[SourceQuality "1"]
[WhiteTeam "Norway U13"]
[BlackTeam "Finland U13"]
[WhiteTeamCountry "NOR"]
[BlackTeamCountry "FIN"]

1. e4 e5 2. Nf3 Nc6 3. Bc4 Nf6 4. Nc3 Bb4 5. d3 d6 6. 0-0 Bxc3 7. bxc3 Bg4 8. h3 Bh5 9. Bg5 h6 10. Bh4 Na5 11. Bb3 0-0 12. Qc1 Bxf3 13. gxf3 b6 14. Kh2 g5 15. Rg1 Nh7 16. f4 exf4 17. Qxf4 Qf6 18. Qxf6 Nxf6 19. f4 Nh7 20. fxg5 hxg5 21. Bxg5 Kg7 22. Be7+ Kh6 23. Bxf8+ Rxf8 24. Raf1 f6 25. Rf4 Ng5 26. h4 Nh7 27. Rf5 Nxb3 28. cxb3 Rf7 29. d4 Re7 30. h5 Ng5 31. Rxf6+ Kxh5 32. Rf5 Rg7 33. e5 dxe5 34. dxe5 Kh6 35. e6 Ne4 36. Rxg7 Kxg7 37. Rf7+ Kg8 38. Rxc7 a5 39. Rb7 Kf8 40. c4 Nc5 41. e7+ Ke8 42. Rxb6 Kxe7 43. Rb5 Nd3 44. Rxa5 Nb4 45. Kg2 Kd7 46. Kf3 Kc7 47. Ke4 Kd6 48. Rd5+ Kc6 49. Kd4 Nxd5 50. cxd5+ Kd6 51. Kc4 Kc7 52. Kc5 Kd7 53. a4 Kc7 54. a5 Kb7 55. d6 Kc8 56. a6 Kb8 57. d7 Ka7 58. d8Q Kxa6 59. Qb6# 1-0